|
|
|
|
| LEADER |
00883cgm a2200265 a 4500 |
| 001 |
00025837 |
| 003 |
BD-DhAAL |
| 005 |
20230820181445.0 |
| 007 |
vd cvaizk |
| 008 |
120829p ko pp s vleng d |
| 024 |
1 |
|
|a 8804775045141
|
| 040 |
|
|
|a BD-DhAAL
|c BD-DhAAL
|
| 082 |
0 |
0 |
|a 780.9519
|2 22
|
| 245 |
1 |
0 |
|a Sister summer loving U
|h [DVD]
|
| 246 |
2 |
|
|a Summer special albums
|
| 260 |
|
|
|a Seoul :
|b Starship Entertainment
|
| 300 |
|
|
|a 1 audio disc (DVD) (26 min) :
|b sd., col. ;
|c 4 3/4 in.
|
| 541 |
1 |
|
|e 00025837
|
| 650 |
|
0 |
|a Songs, Korean
|9 4975
|
| 650 |
|
0 |
|a Compact disc
|9 4976
|
| 710 |
2 |
|
|a Starship Entertainment
|9 4977
|
| 852 |
4 |
|
|a Ayesha Abed Library
|j General shelf.
|
| 942 |
|
|
|2 ddc
|c AV
|
| 999 |
|
|
|c 12796
|d 12796
|
| 952 |
|
|
|0 0
|1 0
|2 ddc
|4 0
|6 KOL_780_951000000000000_SIS
|7 0
|9 21064
|a KSI
|b BRACUL
|d 2012-08-28
|e BIL
|g 1.00
|l 0
|o KOL 780.951 SIS
|p 4010025837
|r 2012-09-04
|t 1
|w 2012-08-28
|y AV
|